| 000 | 00869cam a2200229 a 4500 | ||
|---|---|---|---|
| 001 | 80997 | ||
| 003 | BD-RjUL | ||
| 005 | 20221220130809.0 | ||
| 008 | 221220s1983 ua b 000 0 ara | ||
| 035 | _a(BD-RjUL)80997 | ||
| 040 |
_aDLC-R _cDLC-R _dDLC _beng |
||
| 041 | _aara | ||
| 100 | 1 |
_aOghli, Mahmoud Sami Ramadan اوغلي, محمود سامي رمضان _96385 |
|
| 245 | 1 | 0 |
_aTafsīr Sūrat Yūsuf ʻalayhi al-salām /تفسير سورة يوسف عليه السلام / _cMahmoud Sami Ramadan Oglu محمود سامي رمضان اوغلي |
| 260 |
_aIstambul : _bدارالارقام , _c1983 |
||
| 300 |
_a125 p. ; _c18 cm. |
||
| 490 | 1 | _aal-Tafsīr al-wasīṭ lil-Qurʼān al-karīm | |
| 504 | _aIncludes bibliographical references. | ||
| 650 |
_aTafsir _vQuran _96386 |
||
| 650 |
_aسورة يوسف. _vقرآن. _96387 |
||
| 942 |
_2ddc _cBK |
||
| 999 |
_c80997 _d80997 |
||